Rentas municipales
保存先:
| 団体著者: | |
|---|---|
| フォーマット: | 不明 |
| 言語: | 英語 スペイン語 |
| 出版事項: |
Santiago, Chile
Libromar
2019
|
| シリーズ: | Colección de Manuales Prácticos
|
| 主題: | |
| タグ: |
タグ追加
タグなし, このレコードへの初めてのタグを付けませんか!
|
MARC
| LEADER | 00000 a2200000 4500 | ||
|---|---|---|---|
| 003 | CL-VaPUC | ||
| 005 | 20210908074429.0 | ||
| 008 | 200122b ||||| |||| 00| 0 eng d | ||
| 999 | |c 377564 |d 377562 | ||
| 020 | |a 9789567890637 | ||
| 040 | |c Pontificia Universidad Católica de Valparaíso | ||
| 041 | 0 | |a spa | |
| 082 | |a 343.06 EDI 2019 | ||
| 110 | 1 | |a EDIG Ltda |e editor |9 611739 | |
| 245 | 1 | 0 | |a Rentas municipales |
| 260 | 3 | |b Libromar |c 2019 |a Santiago, Chile | |
| 300 | |a 152 páginas | ||
| 490 | |a Colección de Manuales Prácticos | ||
| 505 | 0 | |a I. Análisis de los artículos de la ley de rentas municipales. II. Texto de la ley de rentas municipales actualizada. | |
| 583 | |k Hugo Gaete |c 20200122 | ||
| 650 | 0 | 0 | |a FINANZAS MUNICIPALES |9 255556 |
| 650 | 0 | 0 | |a Derecho y legislación |9 255077 |
| 942 | |2 ddc |c BK | ||
| 952 | |0 0 |1 0 |2 ddc |4 0 |6 343_060000000000000_EDI_2019 |7 0 |8 A |9 497549 |a BIBGIM |b BIBGIM |d 2020-01-20 |e 22 |g 20500.00 |i 5573017 |o 343.06 EDI 2019 |p 5573017 |r 2025-01-15 |t 2 |v 20500.00 |w 2020-01-20 |y BK |k COM | ||
| 952 | |0 0 |1 0 |2 ddc |4 0 |6 343_060000000000000_EDI_2019 |7 0 |8 A |9 497550 |a BIBGIM |b BIBGIM |d 2020-01-20 |e 22 |g 20500.00 |i 5573009 |o 343.06 EDI 2019 |p 5573009 |r 2025-01-15 |t 1 |v 20500.00 |w 2020-01-20 |y BK |k COM | ||